000 00356 a2200109 4500
001 ART_24497
005 20260410161934.0
008 260409a
245 1 0 _aTan lejos de Ricardo, tan cerca de Wicksell
100 1 _aLeijonhufvud, Axel
773 0 _tRevista de Economía Política de Buenos Aires
_g- Año 1, Nº 2 (nov. 2007)
_wREV23982
999 _c28837
_d28837